Welcome to the Holygrace Academy Library

Please use search bar below to get started

HARDY BOYS ADVENTURES - THE BATTLE OF BAYPORT (Record no. 7820)

MARC details
000 -LEADER
fixed length control field 00625nam a22001457a 4500
020 ## - INTERNATIONAL STANDARD BOOK NUMBER
ISBN 978-1-4814-0006-0
082 ## - DEWEY DECIMAL CLASSIFICATION NUMBER
Classification number 823
Item number DIX/H
100 ## - MAIN ENTRY--AUTHOR NAME
Personal name DIXON, FRANKLIN W
245 ## - TITLE STATEMENT
Title HARDY BOYS ADVENTURES - THE BATTLE OF BAYPORT
260 ## - PUBLICATION, DISTRIBUTION, ETC. (IMPRINT)
Place of publication NEW YORK
Name of publisher ALADDIN PAPERBACKS
Year of publication 2014
300 ## - PHYSICAL DESCRIPTION
Number of Pages 146
520 ## - SUMMARY, ETC.
Summary, etc Bayport goes back in time when a Revolutionary War-era battleship is discovered, along with a treasure trove of historic artifacts. To celebrate, the town stages a reenactment of the historic Battle of Bayport, complete with antique artillery, canons, and tricorn hats.
650 ## - SUBJECT ADDED ENTRY--TOPICAL TERM
Topical Term MYSTERY
Geographic subdivision UNITED STATES
942 ## - ADDED ENTRY ELEMENTS (KOHA)
Koha item type Books
Holdings
Withdrawn status Lost status Collection code Home library Current library Shelving location Date acquired Source of acquisition Cost, normal purchase price Full call number Accession Number Koha item type
    Fiction Main Library Main Library NEW SHELF WITH NEW ENTRY 20/11/2023 purchase 250.00 823 DIX/H 13407 Books